00430nam a2200169Ia 450000500170000000800410001704000190005804100120007708200130008910000170010224500610011926000260018030000110020665000150021770000180023285000100025020240605095327.0131103s9999 xx 000 0 und d aLoreto College aEnglish a511bGRE aGregory, A H aBasic statisticscA H Gregory, J R Hartley and D G Lewis aLondonbMethuenc1969 a170p.  aArithmetic aHartley, J R  aLCBED